| 000 | 00370cam a2200145ua 4500 | ||
|---|---|---|---|
| 041 |
_aeng _h |
||
| 082 |
_a516.04 _bDUR/MO |
||
| 100 | _aDurell, Clement V. | ||
| 245 |
_aModern geometry / _cClement V Durell. _hTextual Documents |
||
| 260 |
_aNew York : _bMacMillan and Company Limited , _c1961. |
||
| 300 | _a145 ; . | ||
| 504 | _a | ||
| 942 | _cBK | ||
| 999 |
_c8780 _d8780 |
||